Catálogo público

Intuición y ciencia (Record no. 25810)

MARC details
000 -CABECERA
campo de control de longitud fija 00856nam a22003017a 4500
003 - IDENTIFICADOR DEL NÚMERO DE CONTROL
campo de control CHAP
005 - FECHA Y HORA DE LA ÚLTIMA TRANSACCIÓN
campo de control 20220329134759.0
008 - DATOS DE LONGITUD FIJA--INFORMACIÓN GENERAL
campo de control de longitud fija 971013s1965 r 00010 d
010 ## - NÚMERO DE CONTROL DE LA BIBLIOTECA DEL CONGRESO
Número de control de LC 25810
011 ## - ENLACE DEL NUMERO DE CONTROL DE LA BIBLIOTECA DEL CONGRESO [OBSOLETO]
Número de control de LC 26782
035 ## - NÚMERO DE CONTROL DEL SISTEMA
Número de control de sistema 30883
040 ## - FUENTE DE LA CATALOGACIÓN
Centro/agencia transcriptor CHAP
082 ## - NÚMERO DE LA CLASIFICACIÓN DECIMAL DEWEY
Número de clasificación 156
Número de documento/Ítem B8
100 00 - ENTRADA PRINCIPAL--NOMBRE DE PERSONA
Nombre de persona Bunge, Mario Augusto.
9 (RLIN) 16075
245 ## - MENCIÓN DE TÍTULO
Título Intuición y ciencia
260 ## - PUBLICACIÓN, DISTRIBUCIÓN, ETC.
Lugar de publicación, distribución, etc. Buenos Aires :
Nombre del editor, distribuidor, etc. EUDEBA,
Fecha de publicación, distribución, etc. 1965
300 ## - DESCRIPCIÓN FÍSICA
Extensión 174 p.
490 ## - MENCIÓN DE SERIE
Mención de serie Colección ensayos
590 ## - NOTA LOCAL (RLIN)
Nota local BATCH-UPD
Procedencia (VM) [OBSOLETO] 10
Condición del los carretes individuales (VM) [OBSOLETO] 20130110
-- UCH01
-- 2300
590 ## - NOTA LOCAL (RLIN)
Nota local BATCH-UPD
Procedencia (VM) [OBSOLETO] 10
Condición del los carretes individuales (VM) [OBSOLETO] 20130410
-- UCH01
-- 1553
590 ## - NOTA LOCAL (RLIN)
Nota local BATCH-UPD
Procedencia (VM) [OBSOLETO] 10
Condición del los carretes individuales (VM) [OBSOLETO] 20130914
-- UCH01
-- 1652
590 ## - NOTA LOCAL (RLIN)
Nota local CONVERSION
Procedencia (VM) [OBSOLETO] 10
Condición del los carretes individuales (VM) [OBSOLETO] 20130109
-- UCH01
-- 1315
650 14 - PUNTO DE ACCESO ADICIONAL DE MATERIA--TÉRMINO DE MATERIA
Término de materia o nombre geográfico como elemento de entrada Intuición.
9 (RLIN) 60160
830 0# - PUNTO DE ACCESO ADICIONAL DE SERIE-TÍTULO UNIFORME
Título uniforme Colección ensayos
9 (RLIN) 24847
901 ## - ELEMENTOS DE DATOS A LOCAL LDA (RLIN)
a BK
942 ## - ELEMENTOS DE PUNTO DE ACCESO ADICIONAL (KOHA)
Tipo de ítem Koha Libro
949 ## - PROCESAMIENTO DE INFORMACIÓN LOCAL (OCLC)
a 156 B8
b BC
c LIBRO
d 33724000286589
e LIBRO
h 15829
i 30883
s i
Holdings
Estado de retiro Estado de pérdida Fuente del sistema de clasificación o colocación Estado dañado Restricciones de uso No para préstamo Código de colección Localización permanente Ubicación/localización actual Ubicación en estantería Fecha de adquisición Información codificada de la localización en otra ubicación Total de préstamos Signatura topográfica completa Código de barras Fecha visto por última vez Precio válido a partir de Tipo de ítem Koha
    Dewey Decimal Classification   Préstamo 15 días   General Biblioteca Central Biblioteca Central Planta alta - Colección General 31/12/2019 LIBRO   156 B8 33724000286589 31/12/2019 31/12/2019 Libro